Machine Design : 49th anniversary of the Faculty of technical sciences, Novi Sad. May 18th 2009

Gespeichert in:
Bibliographische Detailangaben
Format: Schriftenreihe
Sprache:Englisch
Veröffentlicht: Novi Sad : University of Novi Sad, 2009
Tags: Tag hinzufügen
Keine Tags, Fügen Sie das erste Tag hinzu!

MARC

LEADER 00000nas a22000003a 4500
001 stu185275
005 20150408182649.4
008 090609s2009----ss------------------eng-d
040 |a STU  |b slo 
041 0 |a eng 
044 |a ss 
245 |a Machine Design :  |b 49th anniversary of the Faculty of technical sciences, Novi Sad. May 18th 2009 
260 |a Novi Sad :  |b University of Novi Sad,  |c 2009 
300 |a 446 s 
773 0 |t Machine Design  |w stu_us_cat*stu185222  |x 1821-1259  |7 nnas 
996 |b 284M070410  |c M*Z-3454  |d 2009, 2009  |v 2009  |y 2009  |l MMKN  |s A  |a 24  |w stu185275_0001 
996 |b 284M070413  |c M*Z-3458  |d 2009, 2009  |v 2009  |y 2009  |l MMKN  |s A  |a 24  |w stu185275_0002 
996 |b 284M070420  |c M*Z-3457  |d 2009, 2009  |v 2009  |y 2009  |l MMKN  |s A  |a 24  |w stu185275_0003 
996 |b 284M070411  |c M*Z-3455  |d 2009, 2009  |v 2009  |y 2009  |l MMKN  |s A  |a 24  |w stu185275_0004 
996 |b 284M070412  |c M*Z-3456  |d 2009, 2009  |v 2009  |y 2009  |l MMKN  |s A  |a 24  |w stu185275_0005 
996 |b 284M070432  |c M*Z-3464  |d 2009, 2009  |v 2009  |y 2009  |l MMKN  |s A  |a 24  |w stu185275_0006 
996 |b 284M070431  |c M*Z-3462  |d 2009, 2009  |v 2009  |y 2009  |l MMKN  |s A  |a 24  |w stu185275_0007 
996 |b 284M070430  |c M*Z-3463  |d 2009, 2009  |v 2009  |y 2009  |l MMKN  |s A  |a 24  |w stu185275_0008